Panitikan at Kalayaan : Teksto sa Panitikang Pilipino / (Record no. 11867)

MARC details
000 -LEADER
fixed length control field 00827nam a22002417i 4500
003 - CONTROL NUMBER IDENTIFIER
control field URS
005 - DATE AND TIME OF LATEST TRANSACTION
control field 20220117094913.0
008 - FIXED-LENGTH DATA ELEMENTS--GENERAL INFORMATION
fixed length control field 170525b xxu||||| |||| 00| 0 eng d
020 ## - INTERNATIONAL STANDARD BOOK NUMBER
International Standard Book Number ---
040 ## - CATALOGING SOURCE
Description conventions rda
Transcribing agency College
Language of cataloging eng
050 00 - LIBRARY OF CONGRESS CALL NUMBER
Classification number PL6141
Item number Sa997 19--
100 1# - MAIN ENTRY--PERSONAL NAME
Personal name Edited by Teresita P. Capili-Sayo,
Relator term author
245 10 - TITLE STATEMENT
Title Panitikan at Kalayaan : Teksto sa Panitikang Pilipino /
Statement of responsibility, etc. Philippine Literature -- History and Criticism.
264 #1 - PRODUCTION, PUBLICATION, DISTRIBUTION, MANUFACTURE, AND COPYRIGHT NOTICE
Place of production, publication, distribution, manufacture Manila:
Name of producer, publisher, distributor, manufacturer Polytechnic University of the Philippines
Date of production, publication, distribution, manufacture, or copyright notice 19--
300 ## - PHYSICAL DESCRIPTION
Extent [xii], 325 pages;
Dimensions 22 cm.
336 ## - CONTENT TYPE
Source rdacontent
Content type term text
337 ## - MEDIA TYPE
Source rdamedia
Media type term unmediated
338 ## - CARRIER TYPE
Source rdacarrier
Carrier type term volume
504 ## - BIBLIOGRAPHY, ETC. NOTE
Bibliography, etc. note Includes appendix and glossary
650 ## - SUBJECT ADDED ENTRY--TOPICAL TERM
Topical term or geographic name entry element Philippine Literature -- History and Criticism.
700 ## - ADDED ENTRY--PERSONAL NAME
Personal name Edited by Teresita P. Capili-Sayo
942 ## - ADDED ENTRY ELEMENTS (KOHA)
Source of classification or shelving scheme Library of Congress Classification
Koha item type Filipiniana
Holdings
Withdrawn status Source of classification or shelving scheme Damaged status Not for loan Home library Current library Shelving location Date acquired Total Checkouts Full call number Barcode Date last seen Price effective from Koha item type
  Library of Congress Classification     Rodriguez College Library Rodriguez College Library Reference 05/25/2017   PL6141 Sa997 19-- URSROD-2205 05/25/2017 05/25/2017 Filipiniana

University of Rizal System
Email us at univlibservices@urs.edu.ph

Visit our Website www.urs.edu.ph/library